00523nam a22001697a 450000500170000000800410001704000070005824500300006525000330009549000240012852001210015265000220027365000180029565000150031365000160032865000090034420250513111924.0250513b |||||||| |||| 00| 0 eng d cDO aKing Tut's family secrets aSeptember 2010 Vol. 218 No 3 aNational Geographic aTut's Family Secrets, Royal Incest, Sands of time, Madagascar's Pierced Heart, Tricky Insect Eggs, Mystery Travelers xKING TUT'S FAMILY xFRASER ISLAND xMADAGASCAR xINSECT EGGS xEELS